Roller coasters by picture - USA edition - Statistics

General Stats
  • This quiz has been taken 683 times
  • The average score is 10 of 12
Answer Stats
Picture Hint Answer % Correct
Florida Iron Gwazi
96%
Virginia Intimidator 305
95%
North and South Carolina Fury 325
94%
Ohio Gatekeeper
94%
New Jersey Jersey Devil
87%
Missouri Time traveller
86%
Utah Cannibal
83%
Georgia ArieForce One
82%
Texas Mr. Freeze
81%
Nevada The Big Apple coaster
80%
California Tatsu
79%
Tennessee Big Bear Mountain
68%
No matching quizzes found
Score Distribution
Percent of People with Each Score
Percentile by Number Answered
Your Score History
You have not taken this quiz